| 000 | 00773nam a2200229 a 4500 | ||
|---|---|---|---|
| 001 | 4427342 | ||
| 003 | OSt | ||
| 005 | 20160527161112.0 | ||
| 008 | 931118s1989 mnua bf 001 0 eng | ||
| 010 | _a 93233573 | ||
| 020 | _a0881661252 | ||
| 040 | _aSEKU | ||
| 050 | 0 | 0 |
_aRJ 61 _b.F47 1989 |
| 245 | 0 | 0 |
_aFirst-year baby care : _ban illustrated step-by-step guide for new parents / _cedited by Paula Kelly. |
| 250 | _a[Rev. and updated]. | ||
| 260 |
_aDeephaven, MN : _bMeadowbrook Press ; _aNew York : _bDistributed by Simon & Schuster, _cc1989. |
||
| 300 |
_a135 p. : _bill. ; _c24 cm. |
||
| 504 | _aIncludes bibliographical references (p. 129) and index. | ||
| 650 | 0 |
_aInfants _xCare _xHandbooks, manuals, etc. |
|
| 700 | 1 |
_aKelly, Paula, _d1949- |
|
| 942 |
_2lcc _cGEN |
||
| 999 |
_c14799 _d14799 |
||